Điều bình dị thông thái
Spremljeno u:
| Format: | Knjiga |
|---|---|
| Jezik: | Undetermined |
| Izdano: |
Tp. Hồ Chí Minh
Trẻ
2012
|
| Teme: | |
| Oznake: |
Dodaj oznaku
Bez oznaka, Budi prvi tko označuje ovaj zapis!
|
| Thư viện lưu trữ: | Trung tâm Học liệu Trường Đại học Cần Thơ |
|---|
| LEADER | 00533nam a2200181Ia 4500 | ||
|---|---|---|---|
| 001 | CTU_180853 | ||
| 008 | 210402s9999 xx 000 0 und d | ||
| 020 | |c 38000 | ||
| 082 | |a 158.128 | ||
| 082 | |b Đ309 | ||
| 245 | 0 | |a Điều bình dị thông thái | |
| 245 | 0 | |c Tô Cẩm Duy, An Bình biên dịch | |
| 260 | |a Tp. Hồ Chí Minh | ||
| 260 | |b Trẻ | ||
| 260 | |c 2012 | ||
| 650 | |a Spiritual life,Đời sống tinh thần | ||
| 910 | |a Nguyên | ||
| 980 | |a Trung tâm Học liệu Trường Đại học Cần Thơ | ||